Micronutrients for soil and plant health / (Record no. 3528)
[ view plain ]
| 000 -LEADER | |
|---|---|
| fixed length control field | 00665nam a22002417a 4500 |
| 001 - CONTROL NUMBER | |
| control field | BD-DhSAU 3528 |
| 003 - CONTROL NUMBER IDENTIFIER | |
| control field | BD-DhSAU |
| 005 - DATE AND TIME OF LATEST TRANSACTION | |
| control field | 20150208113344.0 |
| 008 - FIXED-LENGTH DATA ELEMENTS--GENERAL INFORMATION | |
| fixed length control field | 150208b2008 ii a|||| |||| 001 0 eng d |
| 020 ## - INTERNATIONAL STANDARD BOOK NUMBER | |
| International Standard Book Number | 8183210953 |
| 040 ## - CATALOGING SOURCE | |
| Original cataloging agency | BD-DhSAU |
| 082 ## - DEWEY DECIMAL CLASSIFICATION NUMBER | |
| Edition number | 22 |
| Classification number | 631.42 |
| Item number | SOM |
| 100 ## - MAIN ENTRY--PERSONAL NAME | |
| Personal name | Somani, L. L. |
| 245 ## - TITLE STATEMENT | |
| Title | Micronutrients for soil and plant health / |
| Statement of responsibility, etc. | L. L. Somani |
| 260 ## - PUBLICATION, DISTRIBUTION, ETC. (IMPRINT) | |
| Place of publication, distribution, etc. | Udaipur : |
| Name of publisher, distributor, etc. | Agrotech Pub. Academy , |
| Date of publication, distribution, etc. | c2008. |
| 300 ## - PHYSICAL DESCRIPTION | |
| Extent | 288 p. : |
| Other physical details | ill. ; |
| Dimensions | 22 cm. |
| 504 ## - BIBLIOGRAPHY, ETC. NOTE | |
| Bibliography, etc | Includes bibliographical references and index. |
| 590 ## - Name of Cataloguer | |
| Name of Cataloger | Jerin |
| 650 ## - SUBJECT ADDED ENTRY--TOPICAL TERM | |
| Topical term or geographic name as entry element | Soil Science |
| 650 ## - SUBJECT ADDED ENTRY--TOPICAL TERM | |
| Topical term or geographic name as entry element | Micronutrient |
| 650 ## - SUBJECT ADDED ENTRY--TOPICAL TERM | |
| Topical term or geographic name as entry element | soil |
| 650 ## - SUBJECT ADDED ENTRY--TOPICAL TERM | |
| Topical term or geographic name as entry element | plant health |
| 942 ## - ADDED ENTRY ELEMENTS (KOHA) | |
| Source of classification or shelving scheme | Dewey Decimal Classification |
| Koha item type | Book |
| Withdrawn status | Lost status | Source of classification or shelving scheme | Damaged status | Not for loan | Home library | Branch Name | Shelving location | Date acquired | Total Checkouts | Full call number | Barcode | Date last seen | Price effective from | Koha item type | Collection code | Date checked out |
|---|---|---|---|---|---|---|---|---|---|---|---|---|---|---|---|---|
| Dewey Decimal Classification | SAU Library | SAU Library | General Stacks | 30/08/2009 | 631.42 SOM | 35837 | 08/02/2015 | 08/02/2015 | Book | |||||||
| Dewey Decimal Classification | Not For Loan | SAU Library | SAU Library | Reference | 30/08/2009 | 631.42 SOM | 35836 | 11/04/2015 | 11/04/2015 | Book | Reference | |||||
| Dewey Decimal Classification | SAU Library | SAU Library | General Stacks | 30/08/2009 | 3 | 631.42 SOM | 35838 | 29/03/2018 | 14/06/2015 | Book | 18/02/2018 |
